00277pab a2200109 454500008004000000245004500040260000900085300000900094362000900103650003700112773001800149180718b1988 xxu||||| |||| 00| 0 eng d aSpecial issue on tribal studies in India c1988 a3-89 aMar. aTribes and Tribal System - India aSocial Change